[Event "Ekaterinburg UrFO-ch"]
[Site "Ekaterinburg"]
[Date "2008.03.23"]
[Round "9"]
[White "Serebriakov, Vladimir"]
[Black "Ivanitsky, Inter"]
[Result "1-0"]
[WhiteElo "2318"]
[BlackElo "2132"]
[PlyCount "49"]
[EventDate "2008.03.15"]
[EventType "swiss"]
[EventRounds "9"]
[EventCountry "RUS"]
[SourceTitle "EXT 2009"]
[Source "ChessBase"]
[SourceDate "2008.11.26"]
[SourceVersion "1"]
[SourceVersionDate "2008.11.26"]
[SourceQuality "1"]

1. e4 c5 2. Nf3 Nc6 3. Bb5 e6 4. c3 a6 5. Bxc6 bxc6 6. e5 d5 7. exd6 Bxd6 8. d4 cxd4 9. Qxd4 Nf6 10. Bg5 c5 11. Bxf6 gxf6 12. Qe3 Rb8 13. b3 Rg8 14. 0-0 Bb7 15. Nbd2 Qc7 16. Ne4 Be7 17. Rfe1 f5 18. Ned2 Bd6 19. Qh6 Rg4 20. h3 Rg6 21. Qxh7 Bf4 22. Nh4 Rh6 23. Qg8+ Ke7 24. Nxf5+ Kf6 25. Qg7+ 1-0

[Event "Ekaterinburg UrFO-ch"]
[Site "Ekaterinburg"]
[Date "2008.03.19"]
[Round "5"]
[White "Chukhno, Igor"]
[Black "Ivanitsky, Inter"]
[Result "1-0"]
[WhiteElo "2261"]
[BlackElo "2132"]
[PlyCount "80"]
[EventDate "2008.03.15"]
[EventType "swiss"]
[EventRounds "9"]
[EventCountry "RUS"]
[SourceTitle "EXT 2009"]
[Source "ChessBase"]
[SourceDate "2008.11.26"]
[SourceVersion "1"]
[SourceVersionDate "2008.11.26"]
[SourceQuality "1"]

1. Nf3 d5 2. c4 d4 3. b4 c5 4. e3 dxe3 5. fxe3 cxb4 6. d4 Bg4 7. Be2 e6 8. 0-0 Nf6 9. Nbd2 Be7 10. Bb2 Nc6 11. Qc2 0-0 12. Kh1 Bh5 13. Bd3 Qb6 14. e4 Bg6 15. e5 Ng4 16. Bxg6 hxg6 17. Qe4 Nh6 18. d5 exd5 19. cxd5 Na5 20. d6 Bd8 21. a3 b3 22. Nd4 Re8 23. Qd5 Kh7 24. Rf3 Nc6 25. Nc4 Qa6 26. Rxb3 Nxd4 27. Bxd4 Qc6 28. Qxc6 bxc6 29. Rb7 c5 30. Bxc5 f6 31. Bd4 Nf5 32. Bb2 Kh6 33. Rd1 Re6 34. exf6 gxf6 35. d7 Rc6 36. Bc1+ Kg7 37. Na5 Rd6 38. Re1 Kf7 39. Bf4 Ra6 40. Nc4 Rc6 1-0